000
00289nam a22001337a 4500
008
170605b xxu||||| |||| 00| 0 eng d
020
_a
9780395829004
041
_a
eng
080
_2
2ND
_a
93
100
_a
18
101
_a
SHH
245
_a
WESTERN CIVILIZATION
_c
NOBLE
942
_2
udc
_c
BK
999
_c
15984
_d
15984